Sourcebook on French law / (Record no. 4845)
[ view plain ]
| 000 -LEADER | |
|---|---|
| fixed length control field | 00589cam a2200169 a 4500 |
| 020 ## - INTERNATIONAL STANDARD BOOK NUMBER | |
| ISBN | 1859411878 |
| 050 00 - CALL NUMBER | |
| Classification number | KJV234 |
| Item number | .P76 |
| 100 1# - AUTHOR | |
| Personal name | Pollard, David, |
| 245 10 - TITLE | |
| Title | Sourcebook on French law / |
| Statement of responsibility, etc | David Pollard. |
| 250 ## - EDITION | |
| Edition statement | 2nd ed. |
| 260 ## - PUBLICATION INFORMATION | |
| Place of publication | London : |
| Name of publisher | Cavendish Pub., |
| Year of publication | 1998. |
| 300 ## - DESCRIPTION | |
| Number of Pages | xxviii, 379 p. ; |
| Dimensions | 23 cm. |
| 440 #0 - SERIES | |
| SERIES | Cavendish Publishing sourcebook series |
| 505 ## - FORMATTED CONTENTS NOTE | |
| Table of Content | 1. Constitutional Law --<br/>2. Administrative Law --<br/>The Recours Pour Exces de Pouvoir --<br/>3. The Formation of a Contract --<br/>4. Traffic Accidents --<br/>5. Divorce. |
| 650 #0 - SUBJECTS | |
| Topical Term | Law |
| 942 ## - ADDED ENTRY ELEMENTS (KOHA) | |
| Koha item type | Books |
| Withdrawn status | Lost status | Collection code | Home library | Current library | Shelving location | Date acquired | Source of acquisition | Full call number | Accession Number | Koha item type |
|---|---|---|---|---|---|---|---|---|---|---|
| Reference | Methodist University Law Library | Methodist University Law Library | General Stacks | Legon Book Shop | KJV234 .P76 | 5065 | Books |